| 000 | 00876cam a2200241 4500 | ||
|---|---|---|---|
| 001 | ABS66014 | ||
| 008 | 021024n2002 000 0 eng u | ||
| 035 | _a(Sirsi) u120250 | ||
| 100 | _aCapper, P. | ||
| 245 | 4 | _aThe call of duty | |
| 260 | _c2002 | ||
| 490 |
_aNew Civil Engineer _v(1457) 26 September 2002, 24-25(2) |
||
| 520 | _aContractual obligations under the law of contract is not the only area of law which should be understood. As well as the duties owed to contractual partners, a wide range of duties are owed to people under the law of tort. This article highlights the basics of tort and lists some recent cases. | ||
| 590 | _aABS | ||
| 650 | _aLAW OF TORT | ||
| 650 | _aNEGLIGENCE | ||
| 650 | _aDUTY TO WARN | ||
| 650 | _aDUTY OF TORT | ||
| 650 | _aDEFECTIVE WORK | ||
| 690 | _aBUILDING AND CONSTRUCTION-LAW | ||
| 710 | _aLovells | ||
| 942 | _n0 | ||
| 999 |
_c71437 _d71437 |
||